00798cam a22002177a 4500003000400000005001700004008004100021017002000062020004400082020002800126040001400154100003300168245006800201260005700269300002000326500009500346600005100441651003800492700002300530700002700553OSt20150708165705.0150414s2015 spco ||| l000 0 cat|d aDL B 27807-2015 a9788498506563 (Ajuntament de Barcelona) a9788494247521 (Meteora) bcatcCDMR1 aLuján, Nèstord1922-199513aLa Barcelona dels tramvies i altres textos cNèstor Luján  aBarcelona bMeteora :bAjuntament de Barcelonac2015 a237 p. ;c22 cm aA la portada: Selecció d'articles, dietari i apunts a Cura de Jordi Amat i Agustí Pons10aLuján, Nèstord1922-1995vRecull d'escrits 4aBarcelona (Catalunya)xHistòria1 aAmat, Jordid1978-1 aPons, Agustíd1947-